[Event "Stuttgart-chB int"]
[Site "Ditzingen"]
[Date "2008.05.01"]
[Round "1"]
[White "Henninger, Jakob"]
[Black "Hartmann, Christian1111"]
[Result "1-0"]
[WhiteElo "1730"]
[BlackElo "1543"]
[PlyCount "39"]
[EventDate "2008.05.01"]
[EventType "swiss"]
[EventRounds "7"]
[EventCountry "GER"]
[SourceTitle "EXT 2018"]
[Source "ChessBase"]
[SourceDate "2017.10.13"]
[SourceVersion "1"]
[SourceVersionDate "2017.10.13"]
[SourceQuality "1"]

1. Nf3 c5 2. e4 a6 3. Nc3 e6 4. d4 cxd4 5. Nxd4 Bc5 6. Nb3 Ba7 7. Be2 b5 8. a4 b4 9. Na2 Bb7 10. Bf3 a5 11. c3 Nc6 12. cxb4 axb4 13. Bd2 Qf6 14. Nxb4 Nxb4 15. Bxb4 Bxe4 16. Qd6 Bxf2+ 17. Kxf2 Qxb2+ 18. Nd2 0-0-0 19. Qa6+ Kb8 20. Bd6# 1-0

[Event "Stuttgart-chB int"]
[Site "Gerlingen"]
[Date "2007.05.18"]
[Round "4"]
[White "Goda, Frederic"]
[Black "Henninger, Jakob"]
[Result "0-1"]
[WhiteElo "1767"]
[BlackElo "1563"]
[PlyCount "48"]
[EventDate "2007.05.17"]
[EventType "swiss"]
[EventRounds "7"]
[EventCountry "GER"]
[SourceTitle "EXT 2018"]
[Source "ChessBase"]
[SourceDate "2017.10.13"]
[SourceVersion "1"]
[SourceVersionDate "2017.10.13"]
[SourceQuality "1"]

1. d4 Nf6 2. Bf4 e6 3. Nf3 b6 4. e3 Bb7 5. Nbd2 Be7 6. Be2 0-0 7. h3 c5 8. c3 d6 9. Qc2 Qc7 10. 0-0-0 Nbd7 11. e4 cxd4 12. Nxd4 Nc5 13. f3 a6 14. Bh2 b5 15. a3 Rfc8 16. Nb1 Nfxe4 17. Bxb5 axb5 18. fxe4 Bg5+ 19. Nd2 Bxe4 20. Nxb5 Qd7 21. Nxd6 Bxc2 22. Nxc8 Rxc8 23. Kxc2 Qd3+ 24. Kc1 Nb3# 0-1